<?xml version="1.0" encoding="UTF-8"?>
<record
    xmlns:xsi="http://www.w3.org/2001/XMLSchema-instance"
    xsi:schemaLocation="http://www.loc.gov/MARC21/slim http://www.loc.gov/standards/marcxml/schema/MARC21slim.xsd"
    xmlns="http://www.loc.gov/MARC21/slim">

  <leader>01040nam a22002655a 4500</leader>
  <controlfield tag="003">OSt</controlfield>
  <controlfield tag="005">20170404102252.0</controlfield>
  <controlfield tag="008">170404s2011    xx     frb    000 0 ara d</controlfield>
  <datafield tag="015" ind1=" " ind2=" ">
    <subfield code="a">2010 / 11970</subfield>
  </datafield>
  <datafield tag="020" ind1=" " ind2=" ">
    <subfield code="a">9789770464629</subfield>
  </datafield>
  <datafield tag="040" ind1=" " ind2=" ">
    <subfield code="a">EG-ScBUE</subfield>
    <subfield code="b">ara</subfield>
    <subfield code="c">EG-ScBUE</subfield>
  </datafield>
  <datafield tag="043" ind1=" " ind2=" ">
    <subfield code="a">f-ua---</subfield>
  </datafield>
  <datafield tag="082" ind1="0" ind2="4">
    <subfield code="a">345.62075</subfield>
    <subfield code="b">&#x64A; &#x648; &#x633;</subfield>
    <subfield code="2">22</subfield>
  </datafield>
  <datafield tag="100" ind1="1" ind2=" ">
    <subfield code="a">&#x64A;&#x648;&#x633;&#x641;&#x60C; &#x645;&#x635;&#x637;&#x641;&#x649;.</subfield>
  </datafield>
  <datafield tag="245" ind1="1" ind2="2">
    <subfield code="a">&#x627;&#x644;&#x62D;&#x645;&#x627;&#x64A;&#x629; &#x627;&#x644;&#x642;&#x627;&#x646;&#x648;&#x646;&#x64A;&#x629; &#x644;&#x644;&#x634;&#x627;&#x647;&#x62F; &#x641;&#x64A; &#x636;&#x648;&#x621; &#x627;&#x644;&#x641;&#x642;&#x647; &#x648;&#x627;&#x644;&#x642;&#x636;&#x627;&#x621; :</subfield>
    <subfield code="b">&#x648;&#x641;&#x642;&#x627; &#x644;&#x642;&#x627;&#x646;&#x648;&#x646; &#x627;&#x644;&#x625;&#x62C;&#x631;&#x627;&#x621;&#x627;&#x62A; &#x627;&#x644;&#x62C;&#x646;&#x627;&#x626;&#x64A;&#x629; &#x627;&#x644;&#x645;&#x635;&#x631;&#x64A; /</subfield>
    <subfield code="c">&#x645;&#x635;&#x637;&#x641;&#x649; &#x64A;&#x648;&#x633;&#x641;.</subfield>
  </datafield>
  <datafield tag="260" ind1=" " ind2=" ">
    <subfield code="a">[&#x62F;. &#x645;. :</subfield>
    <subfield code="b">&#x62F;. &#x646;.]&#x60C;</subfield>
    <subfield code="c">2011.</subfield>
  </datafield>
  <datafield tag="300" ind1=" " ind2=" ">
    <subfield code="a">151 &#x635;. &#x61B;</subfield>
    <subfield code="c">24 &#x633;&#x645;.</subfield>
  </datafield>
  <datafield tag="504" ind1=" " ind2=" ">
    <subfield code="a">&#x64A;&#x634;&#x62A;&#x645;&#x644; &#x639;&#x644;&#x649; &#x625;&#x631;&#x62C;&#x627;&#x639;&#x627;&#x62A; &#x628;&#x628;&#x644;&#x64A;&#x648;&#x62C;&#x631;&#x627;&#x641;&#x64A;&#x629;.</subfield>
  </datafield>
  <datafield tag="650" ind1=" " ind2="7">
    <subfield code="a">&#x634;&#x647;&#x627;&#x62F;&#x629; &#x627;&#x644;&#x634;&#x647;&#x648;&#x62F;</subfield>
    <subfield code="x">&#x62D;&#x645;&#x627;&#x64A;&#x629;</subfield>
    <subfield code="x">&#x642;&#x648;&#x627;&#x646;&#x64A;&#x646; &#x648;&#x62A;&#x634;&#x631;&#x64A;&#x639;&#x627;&#x62A;</subfield>
    <subfield code="z">&#x645;&#x635;&#x631;.</subfield>
    <subfield code="2">BUEsh</subfield>
  </datafield>
  <datafield tag="650" ind1=" " ind2="7">
    <subfield code="a">&#x634;&#x647;&#x627;&#x62F;&#x629; &#x627;&#x644;&#x634;&#x647;&#x648;&#x62F; (&#x641;&#x642;&#x647; &#x625;&#x633;&#x644;&#x627;&#x645;&#x64A;)</subfield>
    <subfield code="2">BUEsh</subfield>
  </datafield>
  <datafield tag="650" ind1=" " ind2="7">
    <subfield code="a">&#x642;&#x627;&#x646;&#x648;&#x646; &#x627;&#x644;&#x625;&#x62C;&#x631;&#x627;&#x621;&#x627;&#x62A; &#x627;&#x644;&#x62C;&#x646;&#x627;&#x626;&#x64A;&#x629;</subfield>
    <subfield code="z">&#x645;&#x635;&#x631;.</subfield>
    <subfield code="2">BUEsh</subfield>
    <subfield code="9">41140</subfield>
  </datafield>
  <datafield tag="651" ind1=" " ind2=" ">
    <subfield code="2">BUEsh</subfield>
  </datafield>
  <datafield tag="653" ind1=" " ind2=" ">
    <subfield code="b">LLAAWW</subfield>
    <subfield code="c">April2017</subfield>
  </datafield>
  <datafield tag="942" ind1=" " ind2=" ">
    <subfield code="2">ddc</subfield>
  </datafield>
  <datafield tag="999" ind1=" " ind2=" ">
    <subfield code="c">24595</subfield>
    <subfield code="d">24567</subfield>
  </datafield>
  <datafield tag="952" ind1=" " ind2=" ">
    <subfield code="0">0</subfield>
    <subfield code="1">0</subfield>
    <subfield code="2">ddc</subfield>
    <subfield code="4">0</subfield>
    <subfield code="7">0</subfield>
    <subfield code="8">DarN.AR.</subfield>
    <subfield code="a">MAIN</subfield>
    <subfield code="b">MAIN</subfield>
    <subfield code="c">1ST</subfield>
    <subfield code="d">2017-04-04</subfield>
    <subfield code="e">Purchase</subfield>
    <subfield code="g">30.00</subfield>
    <subfield code="h">2815</subfield>
    <subfield code="o">345.62075 &#x64A; &#x648; &#x633;</subfield>
    <subfield code="p">000045977</subfield>
    <subfield code="r">2026-04-05 00:00:00</subfield>
    <subfield code="v">37.50</subfield>
    <subfield code="y">BB</subfield>
  </datafield>
  <datafield tag="952" ind1=" " ind2=" ">
    <subfield code="0">0</subfield>
    <subfield code="1">0</subfield>
    <subfield code="2">ddc</subfield>
    <subfield code="4">0</subfield>
    <subfield code="7">0</subfield>
    <subfield code="8">DarN.AR.</subfield>
    <subfield code="a">MAIN</subfield>
    <subfield code="b">MAIN</subfield>
    <subfield code="c">1ST</subfield>
    <subfield code="d">2017-04-04</subfield>
    <subfield code="e">Purchase</subfield>
    <subfield code="g">30.00</subfield>
    <subfield code="h">2815</subfield>
    <subfield code="o">345.62075 &#x64A; &#x648; &#x633;</subfield>
    <subfield code="p">000045978</subfield>
    <subfield code="r">2025-07-15 00:00:00</subfield>
    <subfield code="v">37.50</subfield>
    <subfield code="y">BB</subfield>
  </datafield>
</record>
